000 01061cam a22002651 4500
001 sd 62000006
003 DLC
005 20260227112736.0
008 810427r19621962dcu f100 0 eng c
010 _asd 62000006
035 _a(OCoLC)7368187
040 _aU.S. Dept. of State. Library
_cGAuA
_dOCoLC
_dDLC
042 _apremarc
043 _an-us---
050 0 0 _aE841
_b.B3
100 1 _aBall, George W.
245 1 4 _aThe practice of foreign policy.
_b[Address made before the Northwestern Law Alumni Association at Chicago on May 9.
260 _aWashington]
_bDept. of State; [for sale by the Superintendent of Documents, U.S. Govt. Print. Off.,
_c1962]
300 _a13 p.
_c22 x 10 cm.
490 1 _a[United States.] Dept. of State. Publication
_v7396.
_aGeneral foreign policy series,
_v181
500 _aCover title.
500 _a"Reprinted from the Department of State Bulletin of May 28, 1962."
651 0 _aUnited States
_xForeign relations
_y1961-1963.
830 0 _aDepartment of State publication.
_pGeneral foreign policy series ;
_v181.
999 _c90087
_d90087